00549 2200217 4500001002100000005001500021035002000036245004200056250002400098300002600122740002600148264003300174336002200207337002000229338002700249082001200276084001800288020000600306600001000312990000900322INLIS00000000000211420260115105536 a0010-01260000431 aFathul Qorib /cDrs.KH.Imron Abu Amar aCetakan 1,juli 1983 a296 hlm :b- ;c21 cm aFathul Qorib Al-Mujib aKudus :bMenara Kudus,c1983 2rdacontentaAgama 2rdamediaaFisik 2rdacarrieraHard Cover a297.432 a297.432 IMR f a- 4aAgama a6368